History Quiz

Random History or Year Quiz

TIME Person of the Year Match-Up Quiz Stats

 Plays Quiz Updated Dec 9, 2015

Challenge
Share
Tweet
Score 0/30 Timer 05:00
0 Plays Today
% Correct
Adolf
99.6%
Barack
99.5%
Winston
98.8%
Vladimir
98.7%
Ronald
98.5%
Dwight D.
98.1%
Mahatma
98.1%
Joseph
97.7%
Mark
96.8%
Mikhail
94.8%
Henry
93.4%
Charles
90.3%
Newt
88.8%
Nikita
88.7%
Ted
84.7%
% Correct
Rudolph
84.6%
Ayatullah
84.3%
Deng
83.2%
Chiang
82.5%
Anwar
78.9%
Lech
73.8%
Corazon C.
72.7%
Wallis
69.6%
Mohammad
69.2%
George
68.4%
Haile
67.4%
Pierre
58.1%
Walter
56.9%
Angela
55.8%
Konrad
53.7%

You're not logged in!

Compare scores with friends on all Sporcle quizzes.
OR
Log In

You Might Also Like...

Show Comments

Extras

Top Quizzes Today


Score Distribution

Your Account Isn't Verified!

In order to create a playlist on Sporcle, you need to verify the email address you used during registration. Go to your Sporcle Settings to finish the process.

Report this User

Report this user for behavior that violates our Community Guidelines.

Details: